[Event "LSS No Engine Cup 70 Final"]
[Site "LSS email"]
[Date "2013.06.14"]
[Round "?"]
[White "Digalakis, Georgios"]
[Black "Banshchikov, Valery Vasilyevich"]
[Result "1-0"]
[WhiteElo "1630"]
[BlackElo "1743"]
[PlyCount "61"]
[EventDate "2013.06.15"]
[EventType "tourn (corr)"]
[EventRounds "6"]
[EventCountry "GER"]
[SourceTitle "Telechess CBM 167"]
[Source "ChessBase"]
[SourceDate "2015.07.13"]
[SourceVersion "1"]
[SourceVersionDate "2015.07.13"]
[SourceQuality "1"]

1. d4 Nf6 2. c4 c5 3. d5 e6 4. Nc3 exd5 5. cxd5 d6 6. e4 g6 7. Nf3 Bg7 8. h3 0-0 9. Bd3 b5 10. Nxb5 Re8 11. 0-0 Nxe4 12. Re1 h6 13. Rxe4 Rxe4 14. Bxe4 a6 15. Nc3 Nd7 16. Bf4 Rb8 17. Qd2 Qb6 18. Rb1 g5 19. Bh2 Nf6 20. Qc2 Qd8 21. Nd2 g4 22. hxg4 Nxg4 23. Bg3 Be5 24. Bxe5 dxe5 25. Bf3 Qh4 26. Bxg4 Qxg4 27. Nce4 Bf5 28. Re1 Qg6 29. Re3 Kh8 30. Qxc5 Bxe4 31. Rg3 1-0

[Event "LSS No Engine Cup 70 Final"]
[Site "LSS email"]
[Date "2013.06.14"]
[Round "?"]
[White "Digalakis, Georgios"]
[Black "Mostowik, Pawel"]
[Result "1-0"]
[WhiteElo "1630"]
[BlackElo "1856"]
[PlyCount "77"]
[EventDate "2013.06.15"]
[EventType "tourn (corr)"]
[EventRounds "6"]
[EventCountry "GER"]
[SourceTitle "Telechess CBM 167"]
[Source "ChessBase"]
[SourceDate "2015.07.13"]
[SourceVersion "1"]
[SourceVersionDate "2015.07.13"]
[SourceQuality "1"]

1. d4 d5 2. c4 e6 3. Nc3 dxc4 4. e4 Nf6 5. Bxc4 Nc6 6. Nf3 Bb4 7. Qd3 Na5 8. Bb5+ c6 9. Ba4 0-0 10. a3 Bxc3+ 11. bxc3 c5 12. 0-0 h6 13. Bc2 c4 14. Qe2 Nb3 15. Rb1 Nxc1 16. Rfxc1 Qc7 17. Ne5 b6 18. Qxc4 Qxc4 19. Nxc4 Ba6 20. Ne3 Rad8 21. e5 Nd5 22. Nxd5 Rxd5 23. Rb4 Rd7 24. f4 Rc7 25. Bb3 Rd8 26. Kf2 Kf8 27. Ke3 Ke7 28. c4 Bb7 29. g3 Rdc8 30. Rd1 Rc6 31. d5 exd5 32. cxd5 Rc3+ 33. Rd3 g6 34. d6+ Kf8 35. Rxc3 Rxc3+ 36. Kd4 Rc8 37. Bd5 Bxd5 38. Kxd5 Ke8 39. Ra4 1-0

[Event "LSS No Engine Cup 70 Final"]
[Site "LSS email"]
[Date "2013.06.14"]
[Round "?"]
[White "Potemri, Stefan"]
[Black "Digalakis, Georgios"]
[Result "0-1"]
[WhiteElo "1566"]
[BlackElo "1630"]
[PlyCount "70"]
[EventDate "2013.06.15"]
[EventType "tourn (corr)"]
[EventRounds "6"]
[EventCountry "GER"]
[SourceTitle "Telechess CBM 167"]
[Source "ChessBase"]
[SourceDate "2015.07.13"]
[SourceVersion "1"]
[SourceVersionDate "2015.07.13"]
[SourceQuality "1"]

1. e4 e5 2. Nf3 Nc6 3. Bb5 a6 4. Ba4 Nf6 5. 0-0 Be7 6. Nc3 b5 7. Bb3 d6 8. d3 0-0 9. h3 Na5 10. Qe2 Re8 11. Bd2 Nxb3 12. axb3 Bb7 13. Rfe1 h6 14. b4 c6 15. Qe3 Bf8 16. Nh4 g6 17. Qg3 Nh5 18. Qg4 Bc8 19. Nf5 Nf4 20. Qg3 d5 21. Rad1 Kh7 22. Nh4 d4 23. Ne2 Nh5 24. Qf3 Qxh4 25. Qxf7+ Ng7 26. Qc7 Qf6 27. f4 exf4 28. Nxf4 Bd6 29. Qxc6 Ra7 30. Rf1 g5 31. e5 Bxe5 32. Qxf6 Bxf6 33. Nd5 Bd8 34. Nf6+ Bxf6 35. Rxf6 Rc7 0-1

[Event "LSS No Engine Cup 76 Final"]
[Site "LSS email"]
[Date "2013.06.14"]
[Round "?"]
[White "Willmann, Bernd"]
[Black "Digalakis, Georgios"]
[Result "1-0"]
[WhiteElo "1965"]
[BlackElo "1635"]
[PlyCount "109"]
[EventDate "2013.06.15"]
[EventType "tourn (corr)"]
[EventRounds "6"]
[EventCountry "GER"]
[SourceTitle "Telechess CBM 163"]
[Source "ChessBase"]
[SourceDate "2014.11.11"]
[SourceVersion "2"]
[SourceVersionDate "2014.11.11"]
[SourceQuality "1"]

1. d4 Nf6 2. c4 e6 3. Nc3 Bb4 4. e3 0-0 5. Bd3 c5 6. Nf3 d5 7. 0-0 dxc4 8. Bxc4 cxd4 9. exd4 b6 10. Bd3 Bb7 11. Re1 Nbd7 12. a3 Bxc3 13. bxc3 Qc7 14. c4 Rfd8 15. a4 Rac8 16. Bb2 Qf4 17. a5 Bxf3 18. Qxf3 Qxf3 19. gxf3 Nh5 20. Bc1 Nf8 21. axb6 axb6 22. Be3 Ng6 23. Be2 Nhf4 24. Bf1 Ra8 25. Rab1 Rd6 26. Red1 f5 27. d5 exd5 28. Rd4 Ne6 29. Rxd5 Rxd5 30. cxd5 Nef8 31. Rxb6 f4 32. Bc1 Ra1 33. Bb2 Rb1 34. Rb7 Ne5 35. Kg2 Nfd7 36. Rb5 Kf7 37. Bc3 Rd1 38. Ra5 Ke7 39. Be2 Rc1 40. Bd2 Rc2 41. Bb4+ Kf6 42. Bd1 Rc4 43. Ba3 Rd4 44. Bc2 Nc4 45. Ra6+ Kf7 46. Bb4 Rxd5 47. Bxh7 Rg5+ 48. Kh1 Nf6 49. Ra7+ Ke6 50. Bc2 Nd5 51. Bc5 Nf6 52. Bf8 Nd7 53. Ra6+ Kf7 54. Bb4 Ncb6 55. Bd6 1-0

[Event "LSS No Engine Cup 73 Final"]
[Site "LSS email"]
[Date "2013.05.02"]
[Round "?"]
[White "Digalakis, Georgios"]
[Black "Gudok, Viktor V"]
[Result "0-1"]
[WhiteElo "1630"]
[BlackElo "1938"]
[PlyCount "54"]
[EventDate "2013.05.03"]
[EventType "tourn (corr)"]
[EventRounds "6"]
[EventCountry "GER"]
[SourceTitle "Telechess CBM 167"]
[Source "ChessBase"]
[SourceDate "2015.07.13"]
[SourceVersion "1"]
[SourceVersionDate "2015.07.13"]
[SourceQuality "1"]

1. d4 Nf6 2. c4 g6 3. Nc3 Bg7 4. e4 d6 5. Be2 0-0 6. Nf3 e5 7. 0-0 Nc6 8. d5 Ne7 9. h3 Nd7 10. Bg5 h6 11. Be3 f5 12. Rc1 f4 13. Bd2 Kh7 14. Qc2 b6 15. b4 a5 16. a3 g5 17. Nb5 Rg8 18. Rfe1 Ng6 19. Rb1 h5 20. Nh2 Nf6 21. bxa5 bxa5 22. Bd3 g4 23. hxg4 Nxg4 24. Nxg4 hxg4 25. g3 Rh8 26. Bxf4 Nxf4 27. gxf4 exf4 0-1

[Event "LSS No Engine Cup 69 Final"]
[Site "LSS email"]
[Date "2013.03.19"]
[Round "?"]
[White "Nucci, Luciano"]
[Black "Digalakis, Georgios"]
[Result "1-0"]
[WhiteElo "2074"]
[BlackElo "1635"]
[PlyCount "35"]
[EventDate "2013.03.20"]
[EventType "tourn (corr)"]
[EventRounds "6"]
[EventCountry "GER"]
[SourceTitle "Corr 2015"]
[Source "ChessBase"]
[SourceDate "2015.07.17"]
[SourceVersion "1"]
[SourceVersionDate "2015.07.17"]
[SourceQuality "1"]

1. d4 Nf6 2. c4 e6 3. g3 d5 4. Bg2 Nbd7 5. Nf3 dxc4 6. 0-0 c5 7. Na3 cxd4 8. Nxc4 Bc5 9. a3 a6 10. b4 Be7 11. Qxd4 0-0 12. Bb2 Rb8 13. Rfd1 b5 14. Na5 Rb6 15. Rac1 Rd6 16. Qc3 Rxd1+ 17. Rxd1 Nh5 18. Ne5 1-0

[Event "LSS No Engine Cup 82 Preliminary 5"]
[Site "LSS email"]
[Date "2013.02.15"]
[Round "?"]
[White "Lombardi, Donato"]
[Black "Digalakis, Georgios"]
[Result "0-1"]
[WhiteElo "926"]
[BlackElo "1585"]
[PlyCount "44"]
[EventDate "2013.02.16"]
[EventType "tourn (corr)"]
[EventRounds "6"]
[EventCountry "GER"]
[SourceTitle "Telechess CBM 161"]
[Source "ChessBase"]
[SourceDate "2014.07.16"]
[SourceVersion "1"]
[SourceVersionDate "2014.07.16"]
[SourceQuality "1"]

1. e4 e5 2. Nf3 Nc6 3. d4 exd4 4. Nxd4 Bc5 5. Be3 Qf6 6. c3 Nge7 7. Be2 d5 8. Bf3 dxe4 9. Bxe4 Bxd4 10. Bxd4 Qe6 11. Qd3 f5 12. 0-0 fxe4 13. Qg3 Nf5 14. Qh3 Nfxd4 15. cxd4 Qxh3 16. gxh3 Nxd4 17. Nc3 Bxh3 18. Rfe1 Nf3+ 19. Kh1 Nxe1 20. Rxe1 0-0 21. Re2 Bg4 22. Re3 Bf3+ 0-1

[Event "LSS No Engine Cup 82 Preliminary 5"]
[Site "LSS email"]
[Date "2013.02.15"]
[Round "?"]
[White "Verich, Oleg"]
[Black "Digalakis, Georgios"]
[Result "0-1"]
[WhiteElo "1077"]
[BlackElo "1585"]
[PlyCount "56"]
[EventDate "2013.02.16"]
[EventType "tourn (corr)"]
[EventRounds "6"]
[EventCountry "GER"]
[SourceTitle "Telechess CBM 161"]
[Source "ChessBase"]
[SourceDate "2014.07.16"]
[SourceVersion "1"]
[SourceVersionDate "2014.07.16"]
[SourceQuality "1"]

1. d4 Nf6 2. Nf3 b6 3. Bg5 Bb7 4. Nbd2 e6 5. c3 Be7 6. Bxf6 Bxf6 7. e4 d5 8. e5 Be7 9. Bd3 0-0 10. 0-0 Nd7 11. Rc1 c5 12. Bb1 Rc8 13. Qc2 g6 14. Qd3 f6 15. Nh4 Rf7 16. Qh3 fxe5 17. Nxg6 hxg6 18. Bxg6 Rg7 19. Qxe6+ Kf8 20. Nf3 Rc6 21. Qxd5 Rgxg6 22. dxc5 Qc7 23. Rcd1 Rcf6 24. Qxd7 Qxd7 25. Rxd7 Bxf3 26. g3 Rxg3+ 27. fxg3 Bxc5+ 28. Rf2 Bxf2+ 0-1

[Event "LSS No Engine Cup 78 Preliminary 7"]
[Site "LSS email"]
[Date "2012.12.05"]
[Round "?"]
[White "Digalakis, Georgios"]
[Black "Lacunza, Mario"]
[Result "0-1"]
[WhiteElo "1568"]
[BlackElo "1849"]
[PlyCount "94"]
[EventDate "2012.12.06"]
[EventType "tourn (corr)"]
[EventRounds "6"]
[EventCountry "GER"]
[SourceTitle "Telechess CBM 159"]
[Source "ChessBase"]
[SourceDate "2014.03.17"]
[SourceVersion "1"]
[SourceVersionDate "2014.03.17"]
[SourceQuality "1"]

1. d4 Nf6 2. c4 e6 3. Nc3 Bb4 4. Qc2 0-0 5. a3 Bxc3+ 6. Qxc3 Nc6 7. Nf3 d6 8. Bg5 h6 9. Bh4 Re8 10. e3 e5 11. d5 Nb8 12. Be2 g5 13. Bg3 Ne4 14. Qc2 Bf5 15. Bd3 Nxg3 16. hxg3 Bxd3 17. Qxd3 Kg7 18. 0-0-0 Qf6 19. Nh2 h5 20. Nf1 e4 21. Qe2 Rh8 22. Rxh5 Rxh5 23. Qxh5 Nd7 24. Nd2 Rh8 25. Qg4 Ne5 26. Qxe4 Qxf2 27. Rf1 Qxg3 28. Qf5 Rh6 29. Nf3 f6 30. Kb1 Qg4 31. Nd4 Qxg2 32. Ne6+ Kh8 33. Nxc7 Rh2 34. Qxf6+ Kh7 35. Qe7+ Kh6 36. Rf6+ Ng6 37. Rxg6+ Kxg6 38. Qe8+ Kh7 39. Qe7+ Kh6 40. Qxd6+ Kh5 41. Qb4 Qe4+ 42. Ka2 Rc2 43. Ne6 Rc1 44. Nd4 Qxe3 45. Nb3 Rf1 46. Qxb7 Qd3 47. Na5 g4 0-1

[Event "LSS No Engine Cup 78 Preliminary 7"]
[Site "LSS email"]
[Date "2012.12.05"]
[Round "?"]
[White "Digalakis, Georgios"]
[Black "Neumann, Frank"]
[Result "1-0"]
[WhiteElo "1568"]
[BlackElo "539"]
[PlyCount "61"]
[EventDate "2012.12.06"]
[EventType "tourn (corr)"]
[EventRounds "6"]
[EventCountry "GER"]
[SourceTitle "Telechess CBM 159"]
[Source "ChessBase"]
[SourceDate "2014.03.17"]
[SourceVersion "1"]
[SourceVersionDate "2014.03.17"]
[SourceQuality "1"]

1. d4 d5 2. c4 dxc4 3. Nf3 e6 4. e3 Nf6 5. Bxc4 Be7 6. 0-0 0-0 7. Qe2 a6 8. a4 Nc6 9. Nc3 Na5 10. Ba2 Nd5 11. Nxd5 c6 12. Nxe7+ Qxe7 13. b4 Qxb4 14. Bd2 Qb6 15. Rab1 Qc7 16. Rfc1 Bd7 17. Ne5 Rad8 18. Qe1 b6 19. Bxa5 bxa5 20. Qc3 Be8 21. Nxc6 Rc8 22. Ne7+ Qxe7 23. Qxc8 Bxa4 24. Qxa6 Bd7 25. Qxa5 Qf6 26. Rc7 Be8 27. Rb8 Qg6 28. Rcc8 Qd3 29. Bc4 Qd1+ 30. Bf1 Qg4 31. Rxe8 1-0

[Event "LSS No Engine Cup 78 Preliminary 7"]
[Site "LSS email"]
[Date "2012.12.05"]
[Round "?"]
[White "Digalakis, Georgios"]
[Black "Stadler, Pavel"]
[Result "1/2-1/2"]
[WhiteElo "1568"]
[BlackElo "1478"]
[PlyCount "60"]
[EventDate "2012.12.06"]
[EventType "tourn (corr)"]
[EventRounds "6"]
[EventCountry "GER"]
[SourceTitle "Telechess CBM 159"]
[Source "ChessBase"]
[SourceDate "2014.03.17"]
[SourceVersion "1"]
[SourceVersionDate "2014.03.17"]
[SourceQuality "1"]

1. d4 Nf6 2. c4 e6 3. Nc3 Bb4 4. Qc2 0-0 5. a3 Bxc3+ 6. Qxc3 b6 7. Bg5 Ba6 8. e3 d6 9. Bd3 Nbd7 10. Ne2 c5 11. 0-0 h6 12. Bh4 Rc8 13. Qb3 d5 14. Qa4 cxd4 15. Bxf6 Qxf6 16. Qxa6 Nc5 17. Qb5 a6 18. Qxb6 Nxd3 19. cxd5 dxe3 20. Qxe3 Nxb2 21. dxe6 fxe6 22. Nd4 Rfe8 23. Rac1 Nc4 24. Qd3 Nb2 25. Qe4 Nc4 26. Rfe1 Nxa3 27. Rxc8 Rxc8 28. Nxe6 Nc2 29. Rc1 Re8 30. Qxc2 Qxe6 1/2-1/2

[Event "LSS No Engine Cup 78 Preliminary 7"]
[Site "LSS email"]
[Date "2012.12.05"]
[Round "?"]
[White "Lonyuk, Bohdan"]
[Black "Digalakis, Georgios"]
[Result "0-1"]
[WhiteElo "1112"]
[BlackElo "1568"]
[PlyCount "50"]
[EventDate "2012.12.06"]
[EventType "tourn (corr)"]
[EventRounds "6"]
[EventCountry "GER"]
[SourceTitle "Telechess CBM 159"]
[Source "ChessBase"]
[SourceDate "2014.03.17"]
[SourceVersion "1"]
[SourceVersionDate "2014.03.17"]
[SourceQuality "1"]

1. e4 e5 2. Nc3 Nf6 3. Bc4 Nc6 4. d3 Bb4 5. Nf3 d6 6. 0-0 Bxc3 7. bxc3 Na5 8. Bb3 Nxb3 9. axb3 Bg4 10. h3 Bh5 11. Re1 0-0 12. g4 Bg6 13. Nh4 h6 14. Nxg6 fxg6 15. c4 Nh7 16. Rf1 Ng5 17. Kg2 Nf3 18. c3 c5 19. Ra2 h5 20. Re2 hxg4 21. hxg4 Qh4 22. Rh1 Qxg4+ 23. Kf1 Kf7 24. Re3 Ke6 25. Rg1 Nh2+ 0-1

[Event "LSS No Engine Cup 65 Final"]
[Site "LSS email"]
[Date "2012.12.02"]
[Round "?"]
[White "Digalakis, Georgios"]
[Black "Van Rooijen, Peter"]
[Result "0-1"]
[WhiteElo "1870"]
[BlackElo "1785"]
[PlyCount "72"]
[EventDate "2012.12.03"]
[EventType "tourn (corr)"]
[EventRounds "6"]
[EventCountry "GER"]
[SourceTitle "Corr 2022"]
[Source "ChessBase"]
[SourceDate "2021.10.24"]
[SourceVersion "1"]
[SourceVersionDate "2021.10.24"]
[SourceQuality "1"]

1. d4 e6 2. c4 Nf6 3. Nc3 Bb4 4. Qc2 0-0 5. e3 c5 6. Nf3 b6 7. Be2 Bb7 8. 0-0 cxd4 9. exd4 d5 10. a3 Bd6 11. b3 a6 12. Bb2 Nbd7 13. Nd2 Re8 14. Bd3 h5 15. b4 Qc7 16. h3 Bh2+ 17. Kh1 dxc4 18. Nxc4 h4 19. Nd2 Bf4 20. Rfd1 Rac8 21. Rac1 Qc6 22. f3 b5 23. Nce4 Qd5 24. Nc5 Qg5 25. Nf1 Nd5 26. Qf2 Nxc5 27. Rxc5 Red8 28. Qc2 Bd6 29. Bc1 Qe7 30. Rxc8 Rxc8 31. Qb2 Qf6 32. Bd2 Nf4 33. Bxf4 Qxf4 34. Qd2 f5 35. Bc2 Qxd2 36. Rxd2 Rc3 0-1

[Event "LSS No Engine Cup 77 Preliminary 3"]
[Site "LSS email"]
[Date "2012.11.21"]
[Round "?"]
[White "Svrsek, Radomir Jr"]
[Black "Digalakis, Georgios"]
[Result "1-0"]
[WhiteElo "1958"]
[BlackElo "1568"]
[PlyCount "45"]
[EventDate "2012.11.22"]
[EventType "tourn (corr)"]
[EventRounds "6"]
[EventCountry "GER"]
[SourceTitle "Telechess CBM 159"]
[Source "ChessBase"]
[SourceDate "2014.03.17"]
[SourceVersion "1"]
[SourceVersionDate "2014.03.17"]
[SourceQuality "1"]

1. e4 e5 2. Nf3 Nc6 3. d4 exd4 4. Nxd4 Bc5 5. Be3 Qf6 6. c3 Nge7 7. Bc4 Ne5 8. Be2 Qg6 9. 0-0 d6 10. f3 0-0 11. Nd2 d5 12. a4 Rd8 13. b4 Bd6 14. Qc1 Bh3 15. Rf2 dxe4 16. Nxe4 Nd5 17. Bg5 f6 18. Bd2 Be7 19. Qb1 Bd7 20. f4 f5 21. Ng3 Ng4 22. Bf3 Qd6 23. Ngxf5 1-0

[Event "LSS No Engine Cup 76 Preliminary 5"]
[Site "LSS email"]
[Date "2012.11.08"]
[Round "?"]
[White "Gorman, Andrew"]
[Black "Digalakis, Georgios"]
[Result "0-1"]
[WhiteElo "1226"]
[BlackElo "1568"]
[PlyCount "82"]
[EventDate "2012.11.09"]
[EventType "tourn (corr)"]
[EventRounds "6"]
[EventCountry "GER"]
[SourceTitle "Telechess CBM 159"]
[Source "ChessBase"]
[SourceDate "2014.03.17"]
[SourceVersion "1"]
[SourceVersionDate "2014.03.17"]
[SourceQuality "1"]

1. e4 e5 2. Nf3 Nc6 3. Bb5 a6 4. Bc4 Bc5 5. d3 Nf6 6. Be3 Bxe3 7. fxe3 d5 8. exd5 Nxd5 9. Bxd5 Qxd5 10. Nc3 Qc5 11. Qd2 Bf5 12. 0-0-0 0-0-0 13. e4 Bg6 14. Nd5 f6 15. Qc3 Qxc3 16. Nxc3 Bf7 17. Rd2 Rd7 18. a3 Rhd8 19. h3 h5 20. Rhd1 Nd4 21. Nxd4 exd4 22. Ne2 h4 23. g4 hxg3 24. Nxg3 Rh8 25. Rh1 Be6 26. h4 Bg4 27. Nf5 g6 28. Ng3 Rdh7 29. h5 gxh5 30. Nf5 Bxf5 31. exf5 Rg7 32. Rf2 h4 33. Rf4 h3 34. Rff1 h2 35. Kb1 Rg2 36. Kc1 Rhg8 37. Rd1 R8g5 38. c3 Rxf5 39. cxd4 Rff2 40. b3 Rc2+ 41. Kb1 Rb2+ 0-1

[Event "LSS No Engine Cup 76 Preliminary 5"]
[Site "LSS email"]
[Date "2012.11.08"]
[Round "?"]
[White "Thomas, Gerald K"]
[Black "Digalakis, Georgios"]
[Result "0-1"]
[WhiteElo "1688"]
[BlackElo "1568"]
[PlyCount "68"]
[EventDate "2012.11.09"]
[EventType "tourn (corr)"]
[EventRounds "6"]
[EventCountry "GER"]
[SourceTitle "Telechess CBM 159"]
[Source "ChessBase"]
[SourceDate "2014.03.17"]
[SourceVersion "1"]
[SourceVersionDate "2014.03.17"]
[SourceQuality "1"]

1. e4 e5 2. Nf3 Nc6 3. Bb5 a6 4. Ba4 Nf6 5. 0-0 Be7 6. Re1 b5 7. Bb3 d6 8. c3 0-0 9. d4 Bg4 10. Be3 Nxe4 11. Bd5 Qd7 12. Bxe4 d5 13. Bc2 e4 14. h3 Bh5 15. Ne5 Bxd1 16. Nxd7 Bxc2 17. Nxf8 Rxf8 18. Nd2 Nd8 19. b3 Ba3 20. Bf4 Ne6 21. Bg3 Bb2 22. Nf1 Bxc3 23. Red1 Bxd1 24. Rxd1 Bxd4 25. Bxc7 Bxf2+ 26. Kxf2 Nxc7 27. Ne3 Rd8 28. Rd4 g6 29. b4 f5 30. g3 Kf7 31. a3 Ke6 32. Nc2 Ke5 33. Ke3 Ne6 34. Rd2 d4+ 0-1

[Event "LSS No Engine Cup 75 Preliminary 6"]
[Site "LSS email"]
[Date "2012.10.27"]
[Round "?"]
[White "Digalakis, Georgios"]
[Black "Lonyuk, Bohdan"]
[Result "1-0"]
[WhiteElo "1568"]
[BlackElo "1112"]
[PlyCount "73"]
[EventDate "2012.10.28"]
[EventType "tourn (corr)"]
[EventRounds "6"]
[EventCountry "GER"]
[SourceTitle "Telechess CBM 159"]
[Source "ChessBase"]
[SourceDate "2014.03.17"]
[SourceVersion "1"]
[SourceVersionDate "2014.03.17"]
[SourceQuality "1"]

1. d4 f5 2. g3 Nf6 3. c4 g6 4. Nc3 Bg7 5. Bg2 0-0 6. Nf3 d6 7. 0-0 Qe8 8. d5 Na6 9. Rb1 Nc5 10. Nd4 e5 11. dxe6 Nxe6 12. Nxe6 Qxe6 13. Nd5 Qf7 14. Qc2 Ne4 15. Rd1 Be6 16. Be3 c6 17. Nf4 Bxc4 18. b3 Bd5 19. Nxd5 cxd5 20. Rbc1 Kh8 21. Qd3 d4 22. Bxd4 Bxd4 23. Qxd4+ Kg8 24. f3 Nf6 25. Qxd6 Rad8 26. Qb4 Nd5 27. Qc4 Ne3 28. Qxf7+ Kxf7 29. Rc7+ Kg8 30. Rxd8 Rxd8 31. Rxb7 Rd2 32. Kf2 Nxg2 33. Rxa7 f4 34. Kxg2 Rxe2+ 35. Kh3 fxg3 36. hxg3 Re3 37. f4 1-0

[Event "LSS No Engine Cup 75 Preliminary 6"]
[Site "LSS email"]
[Date "2012.10.27"]
[Round "?"]
[White "Digalakis, Georgios"]
[Black "Winter, Malcolm J"]
[Result "1/2-1/2"]
[WhiteElo "1568"]
[BlackElo "1165"]
[PlyCount "105"]
[EventDate "2012.10.28"]
[EventType "tourn (corr)"]
[EventRounds "6"]
[EventCountry "GER"]
[SourceTitle "Telechess CBM 159"]
[Source "ChessBase"]
[SourceDate "2014.03.17"]
[SourceVersion "1"]
[SourceVersionDate "2014.03.17"]
[SourceQuality "1"]

1. d4 d5 2. c4 e6 3. Nc3 Nf6 4. cxd5 exd5 5. Bg5 Be7 6. e3 0-0 7. Bd3 Nbd7 8. Nf3 c6 9. 0-0 Re8 10. Qc2 Nf8 11. h3 Nh5 12. Bxe7 Qxe7 13. Rab1 g6 14. b4 a6 15. a4 Ng7 16. b5 axb5 17. axb5 Bf5 18. bxc6 Bxd3 19. Qxd3 bxc6 20. Ne5 Rec8 21. Ra1 Qd6 22. Ra6 Nd7 23. Nxd7 Qxd7 24. Na4 Rxa6 25. Qxa6 Qe8 26. Nb6 Rc7 27. Rc1 Ne6 28. Qa4 Kf8 29. Rc3 h5 30. h4 f5 31. g3 Kf7 32. Kf1 Kf8 33. Qc2 Kf7 34. Na4 Qd7 35. Nc5 Nxc5 36. Rxc5 Qd6 37. Qa4 Qe6 38. Qa8 Qc8 39. Qa5 Qb7 40. Kg2 Rc8 41. Rc2 Qe7 42. Qa4 Qe8 43. Qa7+ Kf6 44. Qc5 Qe7 45. Qxe7+ Kxe7 46. Kf3 Kf6 47. Kf4 Rc7 48. f3 Rc8 49. Rb2 Re8 50. Rb6 Re6 51. Rb8 Kf7 52. Rc8 Kf6 53. Rc7 1/2-1/2

[Event "LSS No Engine Cup 75 Preliminary 6"]
[Site "LSS email"]
[Date "2012.10.27"]
[Round "?"]
[White "Huseby, Juan Carlos"]
[Black "Digalakis, Georgios"]
[Result "0-1"]
[WhiteElo "528"]
[BlackElo "1568"]
[PlyCount "52"]
[EventDate "2012.10.28"]
[EventType "tourn (corr)"]
[EventRounds "6"]
[EventCountry "GER"]
[SourceTitle "Telechess CBM 159"]
[Source "ChessBase"]
[SourceDate "2014.03.17"]
[SourceVersion "1"]
[SourceVersionDate "2014.03.17"]
[SourceQuality "1"]

1. e4 e5 2. Bc4 Nf6 3. d3 Bc5 4. Nf3 d6 5. Bxf7+ Kxf7 6. Nc3 Rf8 7. Bg5 Be6 8. Nd5 Kg8 9. Nxf6+ gxf6 10. Bh6 Rf7 11. Nh4 f5 12. Qh5 fxe4 13. 0-0-0 Bxf2 14. g3 e3 15. Nf3 Nc6 16. Qg5+ Qxg5 17. Nxg5 Rf6 18. Ne4 Rxh6 19. Rdf1 Bd5 20. Nxf2 exf2 21. c4 Bxh1 22. Rxf2 Rf8 23. Rd2 Rf1+ 24. Kc2 Nd4+ 25. Kc3 a5 26. h4 Rc1+ 0-1

[Event "LSS No Engine Cup 74 Preliminary 1"]
[Site "LSS email"]
[Date "2012.10.09"]
[Round "?"]
[White "Digalakis, Georgios"]
[Black "Winter, Malcolm J"]
[Result "1/2-1/2"]
[WhiteElo "1568"]
[BlackElo "1165"]
[PlyCount "88"]
[EventDate "2012.10.10"]
[EventType "tourn (corr)"]
[EventRounds "6"]
[EventCountry "GER"]
[SourceTitle "Telechess CBM 159"]
[Source "ChessBase"]
[SourceDate "2014.03.17"]
[SourceVersion "1"]
[SourceVersionDate "2014.03.17"]
[SourceQuality "1"]

1. d4 d5 2. c4 e6 3. Nc3 Nf6 4. cxd5 exd5 5. Bg5 Be7 6. e3 0-0 7. Bd3 c6 8. Nf3 Nbd7 9. 0-0 Ne4 10. Bxe7 Qxe7 11. Qc2 Ndf6 12. Ne5 Re8 13. Rfe1 Nxc3 14. bxc3 g6 15. Rab1 Ne4 16. c4 f6 17. Nf3 b6 18. Nd2 Nxd2 19. Qxd2 Be6 20. cxd5 Bxd5 21. e4 Bf7 22. Qc3 Rac8 23. a4 Red8 24. e5 c5 25. e6 Be8 26. dxc5 Rxc5 27. Qa3 Rd6 28. Re3 Kg7 29. Rbe1 Bc6 30. Bb5 Bb7 31. Bd7 Rg5 32. g3 Rgd5 33. Qb2 Rd1 34. Qe2 R1d2 35. Qc4 R2d4 36. Qc7 Bc6 37. Qxa7 Bxa4 38. Qb7 b5 39. Qb8 Rd1 40. Kg2 Rxe1 41. Rxe1 Bb3 42. Qxb5 Bxe6 43. Bxe6 Rxe6 44. Rd1 Rd6 1/2-1/2

[Event "LSS No Engine Cup 73 Preliminary 4"]
[Site "LSS email"]
[Date "2012.09.24"]
[Round "?"]
[White "Digalakis, Georgios"]
[Black "Casser, Aaron"]
[Result "1-0"]
[WhiteElo "1568"]
[BlackElo "1407"]
[PlyCount "129"]
[EventDate "2012.09.25"]
[EventType "tourn (corr)"]
[EventRounds "6"]
[EventCountry "GER"]
[SourceTitle "Telechess CBM 159"]
[Source "ChessBase"]
[SourceDate "2014.03.17"]
[SourceVersion "1"]
[SourceVersionDate "2014.03.17"]
[SourceQuality "1"]

1. d4 Nf6 2. c4 g6 3. Nc3 d5 4. cxd5 Nxd5 5. e4 Nxc3 6. bxc3 Bg7 7. Bc4 c5 8. Ne2 Nc6 9. Be3 0-0 10. 0-0 Qc7 11. Rc1 Rd8 12. Bf4 Qd7 13. dxc5 Qe8 14. Qc2 Ne5 15. Bb3 Bd7 16. Rfd1 Rac8 17. Rd5 Ng4 18. Rcd1 e6 19. R5d3 Bc6 20. Rd6 Bf8 21. f3 Bxd6 22. cxd6 Nf6 23. Bg5 Nd7 24. Nd4 e5 25. Bxd8 Qxd8 26. Nxc6 Rxc6 27. Qd3 Qa5 28. Qd5 Qc5+ 29. Rd4 Qxd5 30. Rxd5 b5 31. Rxb5 Rxd6 32. Ra5 a6 33. Ba4 f6 34. Bxd7 Rxd7 35. Rxa6 Kf7 36. h4 h6 37. Rb6 Ra7 38. Rb2 Ra3 39. Rc2 Ke6 40. c4 Kd6 41. c5+ Kc6 42. Kf2 h5 43. Ke2 f5 44. exf5 gxf5 45. Kf2 Ra4 46. Kg3 Ra3 47. Re2 Kd5 48. c6 Rc3 49. a4 Rxc6 50. Rd2+ Ke6 51. a5 Ra6 52. Ra2 f4+ 53. Kf2 Kd5 54. Ra4 Kc5 55. g4 fxg3+ 56. Kxg3 Kd5 57. Kf2 Ke6 58. Ke3 Kd5 59. f4 Ke6 60. Ke4 exf4 61. Kxf4 Kf6 62. Ra3 Kg6 63. Ke5 Kg7 64. Kf5 Kh6 65. Ra4 1-0

[Event "LSS No Engine Cup 73 Preliminary 4"]
[Site "LSS email"]
[Date "2012.09.24"]
[Round "?"]
[White "Malyszek, Tomasz"]
[Black "Digalakis, Georgios"]
[Result "0-1"]
[WhiteElo "951"]
[BlackElo "1568"]
[PlyCount "46"]
[EventDate "2012.09.25"]
[EventType "tourn (corr)"]
[EventRounds "6"]
[EventCountry "GER"]
[SourceTitle "Telechess CBM 159"]
[Source "ChessBase"]
[SourceDate "2014.03.17"]
[SourceVersion "1"]
[SourceVersionDate "2014.03.17"]
[SourceQuality "1"]

1. e4 e5 2. Nf3 Nc6 3. Bc4 Bc5 4. a3 Nf6 5. b4 Bb6 6. Nc3 d6 7. d3 0-0 8. 0-0 a5 9. b5 Nd4 10. Nxd4 Bxd4 11. Qd2 Be6 12. Rb1 Bxc4 13. dxc4 Bxc3 14. Qxc3 Nxe4 15. Qf3 f5 16. Qe3 Qe7 17. Qd3 Rad8 18. Qd5+ Qf7 19. Qxb7 Nc3 20. Rb3 Ne2+ 21. Kh1 Qxc4 22. Re1 Nd4 23. Rb1 Rb8 0-1